| 000 -LEADER |
| fixed length control field |
00755nam a22001337a 4500 |
| 040 ## - CATALOGING SOURCE |
| Transcribing agency |
RUA |
| 082 ## - DEWEY DECIMAL CLASSIFICATION NUMBER |
| Classification number |
AGR NHA 2019 B1-570 Or. |
| 100 ## - MAIN ENTRY--AUTHOR NAME |
| Personal name |
NHA LYNA ញ្ញ៉ា លីណា |
| 245 ## - TITLE STATEMENT |
| Title |
EFFICACY OF TRICHODERMA SPECIES TO CONTROL SOILBORN DISEASE ON CHILLI ការសិក្សាពីប្រសិទ្ធភាពនៃប្រភេទផ្សិតជីវសាស្រ្តទ្រីកូឌីម៉ា ក្នុងការគ្រប់គ្រងជម្ថឺផ្សិតក្នុងដីលើដំណាំម្ទេស |
| 260 ## - PUBLICATION, DISTRIBUTION, ETC. (IMPRINT) |
| Place of publication |
PHNOM PENH |
| Name of publisher |
RUA |
| Year of publication |
2019 |
| 300 ## - PHYSICAL DESCRIPTION |
| Number of Pages |
XIII.37P |
| Other physical details |
X. |
| Dimensions |
29CM |
| 856 ## - ELECTRONIC LOCATION AND ACCESS |
| Uniform Resource Identifier |
https://drive.google.com/file/d/1oh85JMzu_oCpToIvrSMILRXMV5pnckqa/view?usp=sharing |
| 942 ## - ADDED ENTRY ELEMENTS (KOHA) |
| Koha item type |
AGR |
| 952 ## - LOCATION AND ITEM INFORMATION (KOHA) |
| Withdrawn status [LOCAL, KOHA] |
0 |
| 952 ## - LOCATION AND ITEM INFORMATION (KOHA) |
| Withdrawn status [LOCAL, KOHA] |
0 |
| 952 ## - LOCATION AND ITEM INFORMATION (KOHA) |
| Withdrawn status [LOCAL, KOHA] |
0 |
| 952 ## - LOCATION AND ITEM INFORMATION (KOHA) |
| Withdrawn status [LOCAL, KOHA] |
0 |